000 00505nam a22001697a 4500
005 20170210120542.0
008 170210b1945 mx ||||| |||| 001 0 spa d
050 0 4 _aKGF641
_bR65 1945
100 1 _aRojina Villegas, Rafael,
_eautor
245 1 0 _aDerecho hipotecario mexicano /
_cRafael Rojina Villegas.
250 _aPrimera edición
260 _aMéxico :
_bJus,
_c1945
300 _axi, 324 páginas ;
_c24 cm.
504 _aIncluye índice
650 7 _2lemb
_aHipotecas
_zMéxico
942 _2lcc
_cLIB
999 _c126454
_d126454